| 000 | 00428nam a22001097a 4500 | ||
|---|---|---|---|
| 008 | 110701t xxu||||| |||| 00| 0 eng d | ||
| 010 | _aHCCC F126 | ||
| 245 | _aThe High Court Companies Cause No. 6/89 In The Matter of Kavuma Motors Ltd formerly Yusufu's Motors Ltd. | ||
| 260 | _c1989 | ||
| 500 | _aW.K.M. Kityo JUDGE 31/08/93 | ||
| 999 |
_c4378 _d4378 |
||